[Event "Chioggia op-C 10th"]
[Site "Chioggia"]
[Date "2015.10.10"]
[Round "2"]
[White "Ureche, Serafim"]
[Black "Boscolo Forcola, Leonardo"]
[Result "1-0"]
[WhiteElo "1440"]
[BlackElo "1440"]
[PlyCount "29"]
[EventDate "2015.10.09"]
[EventType "swiss"]
[EventRounds "5"]
[EventCountry "ITA"]
[SourceTitle "EXT 2022"]
[Source "ChessBase"]
[SourceDate "2021.10.06"]
[SourceVersion "1"]
[SourceVersionDate "2021.10.06"]
[SourceQuality "1"]

1. e4 e5 2. Nf3 Nc6 3. Nc3 Bb4 4. a3 Bxc3 5. dxc3 d6 6. h3 Nf6 7. Bg5 h6 8. Be3 0-0 9. g4 g5 10. h4 Nxg4 11. hxg5 hxg5 12. Nxg5 Nxe3 13. Qh5 Kg7 14. Qh6+ Kg8 15. Qh8# 1-0